000 00473nas a2200169 a 4500
001 48125
003 117767
005 20220708172503.0
008 ||||||n9999 ||| || ||
040 _aCO-BoESAP
_bspa
_cCO-BoESAP
041 _aspa
245 0 _aAdministración y Desarrollo - No.34
260 _aBogotá :
_bEscuela Superior de Administración Pública - ESAP,
_c1994.
562 _e11
773 _016712
_aAdministración y Desarrollo
942 _cSISS
_2ddc
999 _c48125
_d48125